000 00265nam a2200121 i 4500
001 bg
245 0 _aStudia nad rybołówstwem w Polsce.
260 _aToruń,
_c1991.
040 _cBPK
041 _apol
942 _cKS
008 s pl f |000 0 pol
999 _c29632
_d29632
856 _uhttp://koha.tu.koszalin.pl/cgi-bin/koha/opac-detail.pl?biblionumber=29632
_yKatalog online BPK